000
00295nam a2200109Ia 4500
008
220204s9999 xx 000 0 und d
082
_a
339.5
_b
KES
100
_a
KESHKAMAT, V V
245
0
_a
Finance of foreign trade: A handbook for banking students
260
_a
Bombay
_b
Vivek
_c
1975
942
_c
BK
999
_c
23823
_d
23823